000 00356cam a22001097a 4500
008 180718b xxu||||| |||| 00| 0 eng d
082 _aV432x54
245 _aIndian rivers
_cby Ministry of Information & Broadcasting, India
260 _aDelhi
_bMinistry of Information & Broadcasting
_c
300 _a26p.
700 _aIndia. Ministry of Information & Broadcasting
999 _c498455
_d498455